[Event "RUS Cup Final Women 2017"]
[Site "Khanty-Mansiysk"]
[Date "2017.12.07"]
[Round "2.1"]
[White "Shaydullina, Sandugach"]
[Black "Kovanova, Baira"]
[Result "0-1"]
[WhiteElo "2185"]
[BlackElo "2367"]
[Annotator "TA"]
[PlyCount "122"]
[EventDate "2017.??.??"]
[EventCountry "RUS"]
[SourceTitle "playchess.com"]
[Source "ChessBase"]
[SourceQuality "1"]

{[%evp 11,122,-22,0,-20,37,36,22,0,33,32,35,34,64,32,46,8,33,-27,39,31,37,-8,-19,-13,-8,-51,-43,-62,-60,-107,-106,-162,-62,-66,-74,-71,-59,-136,-135,-298,-286,-311,-309,-327,-336,-379,-287,-347,-366,-370,-298,-307,-304,-298,-297,-308,-308,-294,-285,-381,-396,-366,-362,-477,-487,-455,-454,-416,-383,-382,-362,-488,-481,-497,-468,-591,-596,-664,-682,-769,-747,-810,-802,-987,-977,-911,-863,-1037,-1036,-1112,-1206,-2294,-2050,-2015,-1916,-2766,-2243,-29983,-29983,-29983,-29984,-29984,-29985,-29986,-29987,-29986,-29987,-29989,-29990,-29990,-29991,-29991,-29992]} 1. d4 Nf6 2. c4 e6 3. Nc3 Bb4 4. a3 Bxc3+ 5. bxc3 b6 6. f3 d6 {LiveBook: 6 Games} 7. Bg5 {E24: Nimzo-Indian: Sämisch: Unusual Black 5th moves and 5...c5 sidelines} (7. e4 O-O 8. Bd3 Nc6 9. Ne2 e5 10. O-O Ba6 11. f4 Nd7 12. f5 f6 13. Rf3 Rf7 14. Rh3 Na5 15. c5 Bxd3 16. Qxd3 bxc5 17. Be3 c4 {0-1 (26) Fernandez,M (2214)-Rodriguez Vila,A (2478) Caba 2017}) 7... Nbd7 (7... Nc6 $11) 8. e4 $14 h6 9. Bh4 {The position is equal.} Bb7 10. Bd3 e5 11. Ne2 Qe7 12. Qa4 a5 13. Rb1 $146 ({Predecessor:} 13. Ng3 g6 14. Rb1 O-O {1-0 (71) Zubac,M-Yousefzadeh,M Richmond 2002}) 13... O-O-O 14. Ng3 (14. O-O $14) 14... Qe8 (14... g5 $1 $11 15. Nf5 Qe8) 15. Bxf6 Nxf6 16. Qb3 g6 17. O-O h5 18. Ne2 Qe7 19. Rb2 h4 20. Rfb1 Nd7 21. Qd1 {[#]} (21. Rf1 $17) 21... Qg5 (21... h3 $1 $19 {...hxg2 is the strong threat.} 22. g3 f5) 22. Qd2 Qxd2 23. Rxd2 Rhf8 24. g4 ({White should play} 24. Kf2 $15) 24... f5 $17 25. c5 $2 (25. exf5 $17 Bxf3 26. c5 (26. fxg6 $2 e4 $19)) 25... fxe4 $19 26. fxe4 dxc5 {[%cal Bd6c5,Bc5c4][%mdl 32]} (26... bxc5 27. d5 $17) 27. d5 {[#]} c4 $1 {[%mdl 512]} 28. Bc2 (28. Bxc4 Nc5) 28... Nc5 29. Kg2 Ne6 30. Rdd1 Nf4+ 31. Nxf4 Rxf4 32. Rf1 {[#]} Rdf8 $1 (32... Rxg4+ 33. Kh3 $15) 33. Rxf4 Rxf4 {[%mdl 4096] Endgame KRB-KRB} ({Weaker is} 33... exf4 34. Ba4 $11) 34. g5 Kd7 35. h3 Kd6 36. Rb5 Bc8 37. a4 Bd7 38. Rb1 Kc5 39. Ra1 Bc8 40. Rb1 Ba6 41. Ra1 Bb7 42. Rb1 c6 43. d6 Rf7 44. Bd1 Rd7 45. Kf3 Bc8 46. Be2 Rxd6 47. Ke3 b5 48. Rc1 Bd7 49. Rc2 Bxh3 50. Kf3 Be6 51. axb5 cxb5 52. Ra2 a4 {[%cal Ba5a4,Ba4a3,Ba3a2][%mdl 32]} 53. Rb2 h3 {[%cal Bh4h3,Bh3h2][%mdl 32]} 54. Ke3 a3 {Black mates.} 55. Rb1 a2 56. Ra1 h2 57. Bf3 Rd3+ 58. Kf2 Rxc3 59. Bg2 Ra3 60. Ke2 b4 61. Kd2 Rg3 {Precision: White = 27%, Black = 74%.} 0-1

[Event "RUS Cup Final Women 2017"]
[Site "Khanty-Mansiysk"]
[Date "2017.12.08"]
[Round "2.2"]
[White "Kovanova, Baira"]
[Black "Shaydullina, Sandugach"]
[Result "1/2-1/2"]
[WhiteElo "2367"]
[BlackElo "2185"]
[Annotator "RC"]
[PlyCount "191"]
[EventDate "2017.??.??"]
[EventCountry "RUS"]
[SourceTitle "playchess.com"]
[Source "ChessBase"]
[SourceQuality "1"]
[TimeControl "5400+30"]

1. d4 {[%emt 0:00:00]} d5 {[%emt 0:00:06]} 2. c4 {[%emt 0:00:00]} e6 {[%emt 0:00:05]} 3. Nc3 {[%emt 0:00:11]} c6 {[%emt 0:00:06]} 4. e3 {[%emt 0:00:28]} f5 {[%emt 0:00:06]} 5. Bd3 {[%emt 0:00:12]} Nh6 {[%emt 0:00:17]} 6. Qc2 {[%emt 0:01:00]} Bd6 {[%emt 0:00:10]} 7. f4 {[%emt 0:05:22]} O-O {[%emt 0:00:23]} 8. Nf3 {[%emt 0:02:00]} Na6 {[%emt 0:00:55]} 9. a3 {[%emt 0:00:16]} dxc4 {[%emt 0:00:35]} 10. Bxc4 {[%emt 0:00:04]} b5 {[%emt 0:00:04]} 11. Be2 {[%emt 0:03:23]} b4 {[%emt 0:00:38]} 12. Na4 {[%emt 0:01:31]} bxa3 {[%emt 0:00:53]} 13. bxa3 {[%emt 0:00:09]} Qc7 {[%emt 0:00:58]} 14. Bd2 {[%emt 0:03:09]} c5 {[%emt 0:02:32]} 15. dxc5 {[%emt 0:13:01]} Nxc5 {[%emt 0:00:05]} 16. Rc1 {[%emt 0:03:50]} Na6 {[%emt 0:03:18]} 17. Qc6 {[%emt 0:09:33]} Bb7 {[%emt 0:02:18]} 18. Qxc7 {[%emt 0:03:32]} Nxc7 {[%emt 0:00:06]} 19. Nc5 {[%emt 0:01:03]} Bd5 {[%emt 0:00:30]} 20. O-O {[%emt 0:00:33]} Rfb8 {[%emt 0:00:22]} 21. Nd4 {[%emt 0:13:51]} Rb2 {[%emt 0:01:20]} 22. Ba5 {[%emt 0:00:13]} Nb5 {[%emt 0:05:41]} 23. Nxb5 {[%emt 0:23:09]} Bxc5 {[%emt 0:05:38]} 24. Rxc5 {[%emt 0:01:18]} Rxe2 {[%emt 0:00:06]} 25. Rf2 {[%emt 0:02:05]} Rxe3 {[%emt 0:00:44]} 26. Nc7 {[%emt 0:01:38]} Rb8 {[%emt 0:02:20]} 27. h3 {[%emt 0:04:09]} Rb1+ {[%emt 0:03:31]} 28. Rf1 {[%emt 0:02:16]} Rb2 {[%emt 0:01:05]} 29. Rf2 {[%emt 0:01:16]} Rb1+ {[%emt 0:04:54]} 30. Rf1 {[%emt 0:00:04]} Rxf1+ {[%emt 0:00:49]} 31. Kxf1 {[%emt 0:00:01]} Be4 {[%emt 0:00:53]} 32. Kf2 {[%emt 0:02:14]} Rxa3 {[%emt 0:00:18]} 33. Nxe6 {[%emt 0:00:05]} Ra2+ {[%emt 0:00:38]} 34. Ke3 {[%emt 0:00:07]} Ra3+ {[%emt 0:01:25]} 35. Bc3 {[%emt 0:02:54]} Kf7 {[%emt 0:02:45]} 36. Ng5+ {[%emt 0:00:19]} Ke8 {[%emt 0:01:46]} 37. Nxe4 {[%emt 0:00:11]} fxe4 {[%emt 0:00:13]} 38. Kxe4 {[%emt 0:00:04]} Ra4+ {[%emt 0:01:58]} 39. Ke3 {[%emt 0:01:11]} g6 {[%emt 0:00:13]} 40. g4 {[%emt 0:00:11]} Nf7 {[%emt 0:00:12]} 41. Rc7 {[%emt 0:00:52]} Ra3 {[%emt 0:02:25]} 42. Kd3 {[%emt 0:02:21]} Nd6 {[%emt 0:00:56]} 43. Rc5 {[%emt 0:00:15]} Ra2 {[%emt 0:01:21]} 44. Re5+ {[%emt 0:01:21]} Kd7 {[%emt 0:05:07]} 45. Bb4 {[%emt 0:00:04]} Nc8 {[%emt 0:00:14]} 46. f5 {[%emt 0:00:38]} Rb2 {[%emt 0:02:11]} 47. Bc3 {[%emt 0:00:36]} Rf2 {[%emt 0:02:28]} 48. fxg6 {[%emt 0:00:06]} hxg6 {[%emt 0:00:05]} 49. Rg5 {[%emt 0:00:34]} Ne7 {[%emt 0:00:09]} 50. h4 {[%emt 0:00:17]} Rf3+ {[%emt 0:01:04]} 51. Kc2 {[%emt 0:00:06]} Rf2+ {[%emt 0:02:21]} 52. Kd3 {[%emt 0:00:05]} Rf3+ {[%emt 0:01:12]} 53. Kc2 {[%emt 0:00:01]} Rh3 {[%emt 0:00:37]} 54. h5 {[%emt 0:00:10]} gxh5 {[%emt 0:00:27]} 55. gxh5 {[%emt 0:00:07]} Ke6 {[%emt 0:00:47]} 56. Re5+ {[%emt 0:00:34]} Kd6 {[%emt 0:00:46]} 57. Ra5 {[%emt 0:00:39]} Nd5 {[%emt 0:00:20]} 58. Bd2 {[%emt 0:00:45]} Rxh5 {[%emt 0:04:15]} 59. Rxa7 {[%emt 0:00:03]} Rh2 {[%emt 0:00:20]} 60. Ra6+ {[%emt 0:00:19]} Kc5 {[%emt 0:00:23]} 61. Ra5+ {[%emt 0:00:23]} Kc6 {[%emt 0:00:08]} 62. Ra6+ {[%emt 0:00:05]} Nb6 {[%emt 0:00:06]} 63. Kd3 {[%emt 0:00:40]} Kb7 {[%emt 0:00:19]} 64. Ra5 {[%emt 0:00:31]} Rh3+ {[%emt 0:00:27]} 65. Be3 {[%emt 0:00:14]} Nc8 {[%emt 0:00:06]} 66. Rg5 {[%emt 0:00:55]} Nd6 {[%emt 0:00:18]} 67. Rg7+ {[%emt 0:00:31]} Kc6 {[%emt 0:00:04]} 68. Rg5 {[%emt 0:00:32]} Kd7 {[%emt 0:00:51]} 69. Re5 {[%emt 0:00:05]} Nf7 {[%emt 0:00:36]} 70. Ra5 {[%emt 0:00:21]} Ke6 {[%emt 0:00:11]} 71. Ke2 {[%emt 0:01:58]} Ne5 {[%emt 0:00:15]} 72. Bf4 {[%emt 0:00:35]} Nf3 {[%emt 0:00:17]} 73. Be3 {[%emt 0:01:17]} Ne5 {[%emt 0:00:26]} 74. Bf4 {[%emt 0:00:02]} Nc6 {[%emt 0:00:06]} 75. Ra6 {[%emt 0:00:20]} Kd5 {[%emt 0:00:05]} 76. Kf2 {[%emt 0:00:43]} Nd4 {[%emt 0:00:22]} 77. Bg3 {[%emt 0:00:08]} Rh7 {[%emt 0:01:33]} 78. Ra8 {[%emt 0:00:35]} Rf7+ {[%emt 0:00:18]} 79. Kg2 {[%emt 0:00:20]} Nf5 {[%emt 0:00:15]} 80. Ra5+ {[%emt 0:00:21]} Ke4 {[%emt 0:00:12]} 81. Ra4+ {[%emt 0:00:15]} Kd3 {[%emt 0:00:34]} 82. Ra3+ {[%emt 0:00:14]} Kc4 {[%emt 0:00:13]} 83. Ra4+ {[%emt 0:00:21]} Kb5 {[%emt 0:00:53]} 84. Rf4 {[%emt 0:00:06]} Kc6 {[%emt 0:00:14]} 85. Kf3 {[%emt 0:00:42]} Kd5 {[%emt 0:00:07]} 86. Kg4 {[%emt 0:01:52]} Ne3+ {[%emt 0:01:18]} 87. Kf3 {[%emt 0:00:07]} Re7 {[%emt 0:00:05]} 88. Bf2 {[%emt 0:00:27]} Nc2 {[%emt 0:00:54]} 89. Rf5+ {[%emt 0:00:22]} Kc4 {[%emt 0:00:16]} 90. Rf8 {[%emt 0:00:11]} Rd7 {[%emt 0:00:33]} 91. Ke4 {[%emt 0:00:16]} Re7+ {[%emt 0:01:41]} 92. Kf3 {[%emt 0:00:02]} Nb4 {[%emt 0:00:40]} 93. Rf4+ {[%emt 0:00:36]} Kb5 {[%emt 0:00:26]} 94. Rf5+ {[%emt 0:00:06]} Kc4 {[%emt 0:01:59]} 95. Bc5 {[%emt 0:00:26]} Re1 {[%emt 0:01:08]} 96. Bxb4 {[%emt 0:00:06]} 1/2-1/2

[Event "RUS Cup Final Women 2017"]
[Site "Khanty-Mansiysk"]
[Date "2017.12.08"]
[Round "2.2"]
[White "Tomilova, Elena"]
[Black "Belenkaya, Dina"]
[Result "1-0"]
[WhiteElo "2322"]
[BlackElo "2303"]
[Annotator "TA"]
[PlyCount "115"]
[EventDate "2017.??.??"]
[EventCountry "RUS"]
[SourceTitle "playchess.com"]
[Source "ChessBase"]
[SourceQuality "1"]

{[%evp 20,114,22,24,23,14,19,15,20,22,8,0,0,0,7,0,0,0,0,0,9,12,15,16,19,-15,-8,-20,39,40,35,40,107,121,145,153,151,129,127,126,285,285,285,284,269,0,334,324,312,312,309,292,350,337,351,278,456,429,535,529,539,324,546,506,5845,5939,29972,2860,1500,750,750,747,29982,29983,29985,29986,29983,29982,29982,29969,29982,29983,29983,29977,29990,29991,29992,29993,29993,29994,29995,29994,29994,29995,29995,29996,29999]} 1. d4 d5 2. c4 dxc4 3. e3 Nf6 4. Bxc4 e6 5. Nf3 a6 6. O-O c5 7. b3 cxd4 8. Nxd4 Bd7 9. Bb2 Nc6 10. Nd2 Nxd4 {D27: Queen's Gambit Accepted: Classical main line: 7 e4!? and 7 a4} 11. Bxd4 {LiveBook: 9 Games} Rc8 $146 ({Predecessor:} 11... Be7 12. Be2 Bc6 13. Nc4 O-O 14. Qc2 Rc8 15. Qb2 Bc5 16. Rfd1 Bxd4 17. Rxd4 {1-0 (32) Dreev,A (2644)-Abreu Delgado,A (2450) Merida 2015}) 12. Be2 Bc5 {The position is equal.} 13. Nc4 {And now Bxc5 would win.} O-O 14. Bxf6 gxf6 15. Bf3 Qc7 16. Qe2 b5 17. Nd2 Bd6 18. g3 Be5 19. Rad1 Rfd8 20. Bg2 f5 {[%cal Bf6f5,Bf5f4][%mdl 32]} 21. e4 f4 {[%cal Rf4g3]} 22. Qh5 Bg7 23. Nf3 {Threatening Ng5.} Bc6 (23... Be8 $11) 24. Rxd8+ $1 $14 Rxd8 25. Rc1 Rc8 ({Black should try} 25... h6 $14) 26. Ng5 h6 {[#]} 27. Rxc6 $1 {[%mdl 512]} Qxc6 28. Qxf7+ Kh8 29. Nxe6 {[%csl Ge6][%cal Rf7g7]} Be5 $2 (29... Qc3 $16 {keeps fighting.}) 30. Nf8 $18 {[%csl Gf8][%cal Rf7h7]} ({And not} 30. Nxf4 Qc1+ 31. Bf1 Bxf4 $11) 30... Bg7 31. Ng6+ Kh7 {[#]} 32. Bh3 $2 $40 {[%mdl 128] Black needs to defend precisely.} ({Weaker is} 32. Nxf4 Qf6 $16) (32. Qf5 $1 $18 Qc1+ 33. Bf1) 32... Rc7 $2 {[%mdl 8192]} (32... Qf6 $1 $11 {and Black stays safe.} 33. Qxf6 Rc1+ 34. Kg2 Bxf6 35. Nxf4 Ra1) 33. Ne7 {[%csl Ge7][%cal Rf7g8]} ({Stronger than} 33. Qxf4 Qc1+ 34. Kg2 Qxf4 $11) 33... Qc1+ 34. Bf1 {[%csl Ge7][%cal Rf7g8]} Rxe7 35. Qxe7 Qe1 36. gxf4 Qd1 {intending ...Qg4+.} 37. h3 {Hoping for e5.} Qf3 $2 (37... Qd2 38. Qc7 Qd4) 38. Qd6 Kg8 39. Bg2 Qc3 40. Kh2 {Black must now prevent e5.} Qe1 $2 (40... Qf6 41. Qd5+ Qf7 42. Qd8+ Bf8) 41. Kg3 h5 (41... Qc3+ $142 42. Bf3 Qf6 43. Qd5+ Qf7 44. Qd8+ Bf8) 42. Qd5+ Kf8 43. Qc5+ (43. Qd8+ $142 Kf7 44. e5 Qg1 45. Qd7+ Kg6 46. f5+ Kh6 47. Qe6+ Kh7 48. Qg6+ Kg8 49. Qe8+ Bf8 50. Qxh5) 43... Kg8 44. Qxh5 Qc3+ 45. Bf3 Bd4 46. e5 {White mates.} Bc5 47. Qg6+ Kf8 48. Qf6+ Kg8 49. Qc6 Kg7 50. Kg4 Qd4 51. Qb7+ Kf8 52. Bd5 {[%csl Gd5][%cal Rb7f7]} Qd1+ 53. f3 {[%csl Gd5][%cal Rb7f7]} Qg1+ 54. Kf5 {[%csl Gd5][%cal Rb7f7]} Ke8 55. Qc8+ Ke7 56. Qc7+ Ke8 57. Kf6 {[%cal Rc7c8]} Bb6 58. Qe7# {Precision: White = 59%, Black = 28%.} 1-0

[Event "RUS Cup Final Women 2017"]
[Site "Khanty-Mansiysk"]
[Date "2017.12.09"]
[Round "3.1"]
[White "Tomilova, Elena"]
[Black "Kovanova, Baira"]
[Result "1/2-1/2"]
[WhiteElo "2322"]
[BlackElo "2367"]
[Annotator "ChessBase"]
[PlyCount "59"]
[EventDate "2017.??.??"]
[EventCountry "RUS"]
[SourceTitle "playchess.com"]
[Source "ChessBase"]
[SourceQuality "1"]
[TimeControl "5400+30"]

1. d4 {[%emt 0:00:00]} Nf6 {[%emt 0:00:04]} 2. Bg5 {[%emt 0:00:00]} d5 {[%emt 0:00:11]} 3. e3 {[%emt 0:00:10]} c5 {[%emt 0:02:12]} 4. c3 {[%emt 0:00:22]} Nc6 {[%emt 0:02:26]} 5. Nd2 {[%emt 0:01:15]} e6 {[%emt 0:03:43]} 6. Bd3 {[%emt 0:01:57]} h6 {[%emt 0:00:44]} 7. Bh4 {[%emt 0:01:50]} Bd6 {[%emt 0:04:20]} 8. Ngf3 {[%emt 0:01:34]} Qc7 {[%emt 0:01:21]} 9. O-O {[%emt 0:13:45]} cxd4 {[%emt 0:13:33]} 10. exd4 {[%emt 0:01:40]} Nh5 {[%emt 0:04:45]} 11. Re1 {[%emt 0:06:04]} Nf4 {[%emt 0:03:20]} 12. Bb5 {[%emt 0:02:44]} a6 {[%emt 0:02:32]} 13. Bxc6+ {[%emt 0:01:57]} Qxc6 {[%emt 0:01:31]} 14. Nb3 {[%emt 0:05:14]} a5 {[%emt 0:01:34]} 15. Ne5 {[%emt 0:03:32]} Bxe5 {[%emt 0:11:16]} 16. dxe5 {[%emt 0:01:30]} Bd7 {[%emt 0:02:12]} 17. Bg3 {[%emt 0:10:18]} Ng6 {[%emt 0:00:19]} 18. Nd4 {[%emt 0:00:21]} Qb6 {[%emt 0:01:14]} 19. Qb3 {[%emt 0:05:38]} Qxb3 {[%emt 0:02:29]} 20. axb3 {[%emt 0:00:06]} O-O {[%emt 0:01:29]} 21. f3 {[%emt 0:04:11]} Rfc8 {[%emt 0:02:24]} 22. Ra3 {[%emt 0:03:44]} b6 {[%emt 0:03:55]} 23. Bf2 {[%emt 0:02:25]} Nf4 {[%emt 0:04:11]} 24. Rd1 {[%emt 0:02:06]} Ng6 {[%emt 0:00:24]} 25. Re1 {[%emt 0:00:16]} Nf4 {[%emt 0:00:05]} 26. Rd1 {[%emt 0:04:43]} Ng6 {[%emt 0:00:16]} 27. Re1 {[%emt 0:01:41]} Nf4 28. Re3 f6 29. exf6 gxf6 30. Bg3 1/2-1/2

[Event "RUS Cup Final Women 2017"]
[Site "Khanty-Mansiysk"]
[Date "2017.12.10"]
[Round "3.2"]
[White "Kovanova, Baira"]
[Black "Tomilova, Elena"]
[Result "1-0"]
[WhiteElo "2367"]
[BlackElo "2322"]
[Annotator "NA"]
[PlyCount "83"]
[EventDate "2017.??.??"]
[EventCountry "RUS"]
[SourceTitle "playchess.com"]
[Source "ChessBase"]
[SourceQuality "1"]
[TimeControl "5400+30"]

1. d4 d5 2. c4 c6 3. e3 Nf6 4. Nc3 Bf5 5. cxd5 cxd5 6. Qb3 Nc6 {D10: Slav Defence: 3 cxd5 (without early Nf3) and 3 Nc3} 7. Qxb7 Bd7 $1 8. Qb3 Rb8 9. Qd1 e5 {LiveBook: 100 Games} 10. dxe5 Nxe5 11. a3 (11. Nge2 Bc5 12. Nd4 O-O 13. Be2 Qe7 14. O-O {1-0 (48) Melkumyan,H (2640)-Solak,D (2633) Izmir 2016}) 11... Qc7 $146 ({Predecessor:} 11... Bd6 12. f4 Ng6 13. Nf3 O-O 14. Be2 {½-½ (38) Klein,E (1936)-Kumar,A (2182) ICC INT 2015}) 12. Be2 Bd6 13. Nf3 Nxf3+ 14. Bxf3 O-O 15. h3 Rfd8 16. O-O ({Reject} 16. Nxd5 Nxd5 17. Bxd5 (17. Qxd5 $2 Be5 $19) 17... Bc6 $17) 16... Bh2+ 17. Kh1 Be5 18. a4 Rb6 19. Nxd5 Nxd5 20. Bxd5 Be6 21. e4 Bxd5 22. exd5 Qc4 23. Be3 Rxb2 $16 24. Rc1 Qb4 25. Rc5 h6 26. d6 Rxd6 27. Rc8+ Kh7 28. Qh5 Rg6 29. Qxe5 Qb7 30. Rg1 Rb1 31. Rcc1 Rb4 32. Rc7 Qb8 33. Bxa7 Qa8 34. Rxf7 Rxa4 35. Bd4 Qg8 36. Re7 Qf8 37. Re8 Qb4 38. Qd5 Qc4 39. Qxc4 Rxc4 40. Be3 Rc2 41. Re7 Rd6 42. Rb1 1-0